00485nam a22001937a 4500003000500000005001700005008004100022010001000063011001000073035001000083040000900093100002000102245006600122260003900188300000900227650002100236650001600257650001800273CHAP20220329134655.0971013s1964 r 00010 d a24041 a25013 a29113 cCHAP00aIllichov, L. F. aQué es necesario saber acerca del desarrollo de la sociedad aLa Habana :bEd. Política,c1964 a61 p14aClases sociales.14aSociedades.14aSociología.